00325 2200133 4500001002100000005001500021035002000036245005100056100002100107300001200128260003100140082000800171990001200179INLIS00000000000221620250527014635 a0010-05250005081 aKejujuran Hamba Wasingsara /cTasirun Sulaiman0 aTasirun Sulaiman a287 hlm aJakarta :bErlangga,c2005 a813 a0712701